=LDR 00000nam 2200000 4500 =001 INLIS000000000027206 =005 20130612125611 =008 ***********************************Ind** =035 ##$$0010-061300000027206 =041 ##$$a Ind =082 ##$$a 616.047 =090 ##$$a 616.047, Tam k =100 ##$$a Tamsuri, NS Anas =245 ##$$a Konsep dan penatalaksanaan nyeri, oleh NS Anas Tamsuri ; editor, NS Esty Wahyuminsih =260 ##$$a 2007 $b Jakarta =300 ##$$a ii, 92 hlm, ilus, 15 cm =650 ##$$a Nyeri =850 ##$$a NBPNMAT